000 00391cam a22001217a 4500
008 180718b1987 xxu||||| |||| 00| 0 eng d
082 _aQ31x5412 M289
100 _aMajumdar, Arun
245 _aPoverty, development and exchange relations : a study of the Birbhum villages
_cby Arun Majumdar
260 _aNew Delhi
_bRadiant
_c1987
300 _a141p.
650 _aPoverty - India - West Bengal
999 _c348646
_d348646